Maths Quiz - Statistics

General Stats
  • This quiz has been taken 571 times
  • The average score is 8 of 15
Answer Stats
Hint Answer % Correct
+ add
96%
÷ divide
88%
- minus
87%
= equals
81%
π pi
81%
> greater than
70%
< less than
70%
infinity
62%
sum of
41%
therefore
41%
! factorial
36%
· multiply
32%
approximately equals
28%
integrate
15%
because
13%
No matching quizzes found
Score Distribution
Percent of People with Each Score
Percentile by Number Answered
Your Score History
You have not taken this quiz